Cultures of world tibet / (Record no. 165799)
[ view plain ]
| 000 -LEADER | |
|---|---|
| fixed length control field | 00490nam a22001697a 4500 |
| 005 - DATE AND TIME OF LATEST TRANSACTION | |
| control field | 20190701160722.0 |
| 010 ## - LCCN (DPL NO) | |
| LC control number | A-872503 |
| 020 ## - INTERNATIONAL STANDARD BOOK NUMBER | |
| International Standard Book Number | 9812046372 |
| 035 ## - SYSTEM CONTROL NUMBER | |
| System control number | A-872503 |
| 037 ## - SOURCE OF ACQUISITION | |
| Source of stock number/acquisition | Times Books International |
| 082 ## - DEWEY DECIMAL CLASSIFICATION NUMBER | |
| Classification number | 951.5 |
| 100 ## - MAIN ENTRY--PERSONAL NAME | |
| Personal name | Levy, Patricla. |
| 245 ## - TITLE STATEMENT | |
| Title | Cultures of world tibet / |
| Statement of responsibility, etc | by Patricia Levy. |
| 260 ## - PUBLICATION, DISTRIBUTION, ETC. (IMPRINT) | |
| Place of publication, distribution, etc | Singapore |
| Name of publisher, distributor, etc | Times Books International |
| Date of publication, distribution, etc | 1996 |
| 300 ## - PHYSICAL DESCRIPTION | |
| Extent | 128p |
| Other physical details | (it include index) |
| Dimensions | 24cm (hbk) |
| 942 ## - ADDED ENTRY ELEMENTS (KOHA) | |
| Source of classification or shelving scheme | Dewey Decimal Classification |
| Item type | English Books |
| Classification part | 951.5 |
| Call number suffix | LEV |
| Withdrawn status | Lost status | Not for loan | Collection code | Home library | Current library | Date acquired | Full call number | Barcode | Koha item type |
|---|---|---|---|---|---|---|---|---|---|
| Non-fiction | Sarojini Nagar | Sarojini Nagar | 01/07/2019 | 951.5 LEV | A-872503 | English Books |
